000 01013nam a2200253 4500
001 139985
003 ES-MaACL
005 20251220185458.0
007 t|
008 070214s1943 sp r ||||1| spa d
100 1 _aHein, Joachim.
_962367
245 1 0 _aColapsoterapia de la tuberculosis pulmonar /
_cHein, Kremer, Schmidt ; colaboradores, Hans Alexander... [et al.] ; publicado bajo la dirección de Walter Schmidt ; con un prefacio de los doctores Ludolph Brauer y Ferdinand Sauerbruch ; traducción del alemán por Fernando Saráchaga, Ignacio Bofill.
260 _aBarcelona :
_bLabor,
_c1943.
300 _a2 v. :
_bil. ;
_c27 cm +
_e35 tablas.
700 0 _aSchmidt, Walter
_9104495
700 1 _aAlexander, Hans.
_919767
700 1 _aKremer, Wilhelm.
_968807
700 1 _aBrauer, L.
_931408
700 1 _aSauerbruch, Ferdinand.
_9103966
700 1 _aSaráchaga, Fernando S.
_9103743
700 1 _aBofill, Ignacio.
_929774
852 _aES-MaACL
_jE-336-37
_bR.20451
999 _c139985
_d139985